Animaux les plus meurtiers par ans - Statistiques

Statistiques générales
  • Ce quiz a été pris 75 fois
  • Le résultat moyen est 6 sur 10
Statistiques - réponses
Morts par an Animaux % Correct
700 000 -1 000 000 Moustique
87%
30 000 – 60 000 Chien
81%
100 - 200 Lion
73%
300 – 500 Eléphant
71%
80 000 – 140 000 Serpent
70%
300 - 500 Hippopotame
59%
500 - 1 000 Crocodile
48%
3 000 - 5 000 Scorpion
37%
20 - 100 Abeille
29%
10 000 – 20 000 Escargot d’eau douce
3%
Aucun quiz correspondant
Distribution des résultats
% des personnes avec chaque résultat
Percentile par nombre de réponses
Votre historique - résultats
Vous n’avez pas pris ce quiz